| 000 | 00501cam a2200193ua 4500 | ||
|---|---|---|---|
| 020 | _c25.00 | ||
| 041 |
_aeng _h |
||
| 082 |
_a923.2 _bNAN/SA |
||
| 100 | _aNandurkar, G M . | ||
| 245 | 0 | 0 |
_aSardar Patel: In tune with the millions, Vol 3 / _cG M Nandurkar. _hTextual Documents |
| 250 |
_a1 / _b. |
||
| 260 |
_a : _bSardar Vallabh Bhai Patel Smarak Bhavan , _c1976. |
||
| 300 | _a416 ; . | ||
| 365 | _a25.00 | ||
| 500 | _a**Reference | ||
| 504 | _a | ||
| 942 | _cBK | ||
| 999 |
_c7648 _d7648 |
||